Finland... or Estonia? - Statistics

General Stats
  • This quiz has been taken 282 times
    276 since last reset
  • The average score is 16 of 20
Answer Stats
Question Answer % Correct
Tallinn is its capital Estonia
100%
Its flag includes the color black Estonia
100%
Its name is "Suomi" in the native language Finland
99%
Has a larger population of the two Finland
98%
Includes the islands of Åland Finland
97%
The Sámi are an indigenous ethnic group Finland
94%
Is a member of the European Union Both
93%
Is considered one of the Baltic states Estonia
91%
Ice hockey is the most popular sport Finland
82%
Its national language is classified as a Finnic language Both
78%
Was formerly part of the Soviet Union Estonia
78%
Fought in the Continuation War from 1941-1944 Finland
78%
Its national animal is the grey wolf Estonia
72%
Voting may be done over the Internet Estonia
69%
Over 70% of its land is covered in forest Finland
67%
Is often considered one of the most digital countries in the world Estonia
64%
A majority of its population is atheist Estonia
63%
Has any mountains at all Finland
59%
Borders the Gulf of Bothnia Finland
58%
Currently has a male prime minister Both
45%
No matching quizzes found
Score Distribution
Percent of People with Each Score
Percentile by Number Answered
Your Score History
You have not taken this quiz since the last reset